Statistics for Countries With More than One Word In Their Names

Click here to take the quiz!

General Stats

  • This quiz has been taken 64 times
    (22 since last reset)
  • The average score is 27 of 38

Answer Stats

Answer% Correct
United States of America
94%
North Korea
89%
South Africa
89%
South Korea
89%
South Sudan
89%
United Arab Emirates
89%
United Kingdom
89%
New Zealand
83%
Trinidad and Tobago
83%
Costa Rica
78%
Guinea-Bissau
78%
Ivory Coast/Cote D'voire
78%
North Macedonia
78%
Papua New Guinea
78%
Sao Tome and Principe
78%
Timor Leste/East Timor
78%
Antigua and Barbuda
72%
Dominican Republic
72%
Marshall Islands
72%
San Marino
72%
Saudi Arabia
72%
Solomon Islands
72%
St. Kitts and Nevis
72%
St. Vincent and the Grenadines
72%
Bosnia and Herzegovina
67%
Cape Verde/Cabo Verde
67%
Central African Republic
67%
El Salvador
67%
Equatorial Guinea
67%
St. Lucia
67%
Burkina Faso
61%
Czech Republic/Czechia
61%
Sierra Leone
61%
Sri Lanka
61%
Vatican City
61%
The Federated States of Micronesia
56%
The Gambia
39%
The Bahamas
11%

Score Distribution

Percentile by Number Answered

Percent of People with Each Score

Your Score History

You have not taken this quiz since the last reset